000 00324nam a22001337a 4500
008 181015b xxu||||| |||| 00| 0 eng d
020 _a9780890797297
041 _aeng
080 _23rd
_a159.9
100 _a48
101 _aPSI
245 _aTreatment Procedures in Communicative Disorders
_cHegde,M.N
942 _2udc
_cBK
999 _c49654
_d49654